000 00684nam a22002297a 4500
999 _c33437
_d33437
001 2654
003 CO-MdFUSB
005 20171117092331.0
008 171117s1952 enk||||| |||| 00| 0 eng d
040 _aCO-MdFUSB
_bspa
_cCO-MdFUSB
_dCO-MdFUSBC
_erda
041 0 _aeng
082 0 4 _aG 225.92 W6296b
100 1 _aWhyte, Alexander (1836-1921)
_eautor
245 1 0 _aBible characters
_b : The New Testament
_c / Alexander Whyte
264 1 _aLondon, Great Britain :
_bOliphants,
_c1952
300 _aX, 480 Pag
336 _2rdacontent
_atexto
_btxt
337 _2rdamedia
_asin mediación
_bn
338 _2rdacarrier
_avolumen
_bnc
653 _aBiblia N.T. - Biografías
942 _cBK